Statistics for Countries where the Big Mac is the cheapest... And the most expensive

Click here to take the quiz!

General Stats

  • This quiz has been taken 292 times
  • The average score is 9 of 12

Answer Stats

Price of the Big Mac as of 2012ContinentCountry% Correct
$ 9.63EuropeNorway
87%
$ 7.29EuropeSweden
86%
$ 5.68South AmericaBrazil
82%
$ 5.37EuropeDenmark
81%
$ 6.81EuropeSwitzerland
81%
$ 5.20OceaniaNew Zealand
80%
$ 2.13AsiaHong Kong
79%
$ 2.44AsiaChina
78%
$ 2.15EuropeRussia
72%
$ 2.38AfricaSouth Africa
67%
$ 2.11EuropeUkraine
62%
$ 2.34AsiaMalaysia
45%

Score Distribution

Percentile by Number Answered

Percent of People with Each Score

Your Score History

You have not taken this quiz